Trombinoscope - Fruits et légumes - Statistiques

Statistiques générales
  • Ce quiz a été pris 1 226 fois
  • Le résultat moyen est 55 sur 100
Statistiques - réponses
Hint Réponse % Correct
Champignon
73%
Brocoli
72%
Banane
72%
Melon
72%
Pastèque
71%
Avocat
71%
Piment
71%
Kiwi
70%
Cerise
70%
Framboise
70%
Tomate
70%
Mûre
69%
Citrouille
69%
Carotte
69%
Abricot
69%
Ananas
69%
Citron
69%
Fraise
69%
Mangue
69%
Pomme de terre
69%
Pamplemousse
69%
Noix de coco
69%
Aubergine
69%
Asperge
68%
Pomme
68%
Courgette
68%
Maïs
68%
Ail
68%
Poivron
68%
Poireau
68%
Haricot rouge
68%
Oignon
68%
Orange
68%
Haricot vert
67%
Chou rouge
67%
Raisin
67%
Artichaut
67%
Chou de Bruxelles
66%
Lentille
66%
Butternut
65%
Grenade
65%
Patate douce
65%
Endive
65%
Figue
65%
Olive
65%
Poire
65%
Datte
64%
Epinard
63%
Radis
63%
Myrtille
62%
Echalote
62%
Pois chiche
61%
Chou-fleur
61%
Prune
60%
Papaye
60%
Chou vert
60%
Fruit de la passion
60%
Betterave
60%
Petit pois
58%
Roquette
56%
Rhubarbe
55%
Clémentine
55%
Kaki
54%
Chou blanc
54%
Concombre
53%
Litchi
53%
Céleri
52%
Groseille
52%
Navet
52%
Cassis
51%
Fenouil
51%
Mandarine
49%
Panais
48%
Durian
47%
Mâche
47%
Potimarron
46%
Nectarine
45%
Goyave
44%
Mirabelle
42%
Manioc
40%
Fève
40%
Carambole
39%
Batavia
38%
Pêche
38%
Physalis
37%
Laitue
36%
Coing
34%
Kumquat
31%
Cresson
29%
Céleri-rave
28%
Canneberge
27%
Ramboutan
25%
Edamame
23%
Salsifis
23%
Rutabaga
21%
Topinambour
20%
Chayotte
19%
Bergamote
17%
Gombo
16%
Nèfle
11%
Aucun quiz correspondant
Distribution des résultats
% des personnes avec chaque résultat
Percentile par nombre de réponses
Votre historique - résultats
Vous n’avez pas pris ce quiz